000 00521pab a2200205 454500
008 180718b2012 xxu||||| |||| 00| 0 eng d
100 _aShree, Megha
245 _aFemale tribal migrants as domestic workers: A study of their compulsions and working conditions
260 _c2012
300 _ap.45-66.
362 _aMar
650 _aMigrants
650 _aWorking conditions
650 _aTribes
650 _aWomen
650 _aDomestics
773 _aMan and Development
908 _aN
909 _a96524
999 _c96524
_d96524